MARC

LEADER 00000nas a2200000 a 4500
001 ssj0012610
003 WaSeSS
005 20200512172242.0
006 m d
007 cr n
008 030613c19919999vautx pss 0 a0eng c
010 |a  2005252045  |z  92642281  
015 |a GBB406997  |2 bnb 
016 7 |a 2144055-4  |2 DE-600 
016 7 |a 016567255  |2 Uk 
022 |a 1945-0079  |l 1057-0837  |y 1057-0837 
035 |a (WaSeSS)ssj0012610 
037 |b Sage Publications, 2455 Teller Rd., Thousand Oaks, CA 91320  |c $50.00 
040 |a UNL  |b eng  |c UNL  |d OCLCQ  |d CUS  |d OCLCQ  |d WAU  |d OCL  |d NSD  |d OCLCQ  |d UMC  |d TXA  |d ORU  |d DLC  |d OCLCF  |d OCLCO  |d VT2  |d OCLCO  |d OCLCQ  |d NLE  |d OCLCQ  |d DLC  |d AU@  |d UKMGB  |d NJT  |d WaSeSS 
042 |a pcc  |a nsdp 
050 0 0 |a MT1 
082 0 0 |a 780/.71  |2 20 
130 0 |a Journal of music teacher education (Online) 
210 0 |a J. music teach. educ.  |b (Online) 
222 0 |a Journal of music teacher education  |b (Online) 
245 1 0 |a Journal of music teacher education  |h [electronic resource]. 
246 1 |a JMTE 
260 |a [Reston, Va.] :  |b National Association of Music Education 
310 |a Three times a year,  |b 2015- 
321 |a Semiannual,  |b 2002-2014. 
362 1 |a Print began with vol. 1, no. 1 (fall 1991). 
506 |a License restrictions may limit access. 
580 |a Beginning with fall 2002, issued in online format only. 
580 |a Vol. 14 (2004/05)-16 (2006/07) issued also as an annual print reproduction with title: Journal of music teacher education yearbook. 
588 |a Description based on: Vol. 12, [no. 1] (fall 2002); title from contents (Metapress, viewed Apr. 11, 2005). 
588 |a Latest issue consulted: Vol. 27, issue 2 (Feb. 2018) (SAGE journals, viewed Apr. 17, 2018). 
650 0 |a School music  |x Instruction and study  |v Periodicals. 
650 0 |a Music teachers  |x Training of  |v Periodicals. 
650 7 |a Music teachers  |x Training of.  |2 fast  |0 (OCoLC)fst01030614 
650 7 |a School music  |x Instruction and study.  |2 fast  |0 (OCoLC)fst01107642 
655 0 |a Electronic journals. 
710 2 |a MENC, the National Association for Music Education (U.S.) 
776 0 8 |i Print version:  |t Journal of music teacher education  |x 1057-0837  |w (DLC) 92642281  |w (OCoLC)23932596 
787 1 |t Journal of music teacher education yearbook  |w (DLC) 2012260403  |w (OCoLC)796186914 
850 |a DLC 
856 4 0 |z Full text available from Research Library: 04/01/1999 to 04/30/2002  |u https://search.proquest.com/publication/45376